<?xml version="1.0" encoding="UTF-8"?>
<record
    xmlns:xsi="http://www.w3.org/2001/XMLSchema-instance"
    xsi:schemaLocation="http://www.loc.gov/MARC21/slim http://www.loc.gov/standards/marcxml/schema/MARC21slim.xsd"
    xmlns="http://www.loc.gov/MARC21/slim">

  <leader>00694nam a22002417a 4500</leader>
  <controlfield tag="003">UA-OsUOA</controlfield>
  <controlfield tag="001"> 46682 </controlfield>
  <controlfield tag="007">ta</controlfield>
  <controlfield tag="008">20120508b un ||||| |||| 00| 0 ukr d</controlfield>
  <datafield tag="100" ind1=" " ind2=" ">
    <subfield code="a">&#x421;&#x438;&#x43D;&#x435;&#x436;&#x443;&#x43F;&#x430;&#x43D;&#x435;&#x446;&#x44C; &#x41C;.</subfield>
  </datafield>
  <datafield tag="090" ind1=" " ind2=" ">
    <subfield code="a">09.-82-3</subfield>
    <subfield code="b">&#x421;38</subfield>
  </datafield>
  <datafield tag="942" ind1=" " ind2=" ">
    <subfield code="c">BK</subfield>
  </datafield>
  <datafield tag="040" ind1=" " ind2=" ">
    <subfield code="a">UA-OsUOA</subfield>
    <subfield code="b">ukr</subfield>
    <subfield code="c">UA-OsUOA</subfield>
    <subfield code="d">UA-OsUOA</subfield>
  </datafield>
  <datafield tag="245" ind1=" " ind2=" ">
    <subfield code="a">&#x413;&#x43E;&#x441;&#x442;&#x438;&#x43D;&#x446;&#x456;</subfield>
    <subfield code="b">&#x437;&#x431;&#x456;&#x440;&#x43A;&#x430; &#x444;&#x435;&#x439;&#x43B;&#x435;&#x442;&#x43E;&#x43D;&#x456;&#x432;</subfield>
  </datafield>
  <datafield tag="300" ind1=" " ind2=" ">
    <subfield code="a">87 &#x441;.</subfield>
  </datafield>
  <datafield tag="955" ind1=" " ind2=" ">
    <subfield code="a">3</subfield>
  </datafield>
  <datafield tag="041" ind1=" " ind2=" ">
    <subfield code="a">ukr</subfield>
  </datafield>
  <datafield tag="080" ind1=" " ind2=" ">
    <subfield code="a">09.-82-3</subfield>
  </datafield>
  <datafield tag="260" ind1=" " ind2=" ">
    <subfield code="a">&#x417;&#x430;&#x43B;&#x44C;&#x446;&#x432;&#x435;&#x434;&#x435;&#x43B;&#x44C;</subfield>
    <subfield code="c">1920</subfield>
  </datafield>
  <datafield tag="650" ind1=" " ind2="7">
    <subfield code="a">0 &#x417;&#x430;&#x433;&#x430;&#x43B;&#x44C;&#x43D;&#x438;&#x439; &#x432;&#x456;&#x434;&#x434;&#x456;&#x43B;.</subfield>
    <subfield code="2">UDC</subfield>
  </datafield>
  <datafield tag="999" ind1=" " ind2=" ">
    <subfield code="c">426784</subfield>
    <subfield code="d">426784</subfield>
  </datafield>
  <datafield tag="952" ind1=" " ind2=" ">
    <subfield code="0">0</subfield>
    <subfield code="1">0</subfield>
    <subfield code="2">udc</subfield>
    <subfield code="4">0</subfield>
    <subfield code="7">0</subfield>
    <subfield code="a">300</subfield>
    <subfield code="b">300</subfield>
    <subfield code="d">2012-05-08</subfield>
    <subfield code="e">274/2012</subfield>
    <subfield code="g">1.00</subfield>
    <subfield code="i">2133123</subfield>
    <subfield code="l">0</subfield>
    <subfield code="o">09.-82-3 &#x421;38</subfield>
    <subfield code="p">2133123</subfield>
    <subfield code="r">2019-09-14 00:00:00</subfield>
    <subfield code="w">2012-05-08</subfield>
    <subfield code="y">BK</subfield>
  </datafield>
  <datafield tag="952" ind1=" " ind2=" ">
    <subfield code="0">0</subfield>
    <subfield code="1">0</subfield>
    <subfield code="2">udc</subfield>
    <subfield code="4">0</subfield>
    <subfield code="7">0</subfield>
    <subfield code="a">300</subfield>
    <subfield code="b">300</subfield>
    <subfield code="d">2012-05-08</subfield>
    <subfield code="e">274/2012</subfield>
    <subfield code="g">1.00</subfield>
    <subfield code="i">2133137</subfield>
    <subfield code="l">0</subfield>
    <subfield code="o">09.-82-3 &#x421;38</subfield>
    <subfield code="p">2133137</subfield>
    <subfield code="r">2019-09-14 00:00:00</subfield>
    <subfield code="w">2012-05-08</subfield>
    <subfield code="y">BK</subfield>
  </datafield>
  <datafield tag="952" ind1=" " ind2=" ">
    <subfield code="0">0</subfield>
    <subfield code="1">0</subfield>
    <subfield code="2">udc</subfield>
    <subfield code="4">0</subfield>
    <subfield code="7">0</subfield>
    <subfield code="a">300</subfield>
    <subfield code="b">300</subfield>
    <subfield code="d">2012-05-08</subfield>
    <subfield code="e">274/2012</subfield>
    <subfield code="g">1.00</subfield>
    <subfield code="i">2133138</subfield>
    <subfield code="l">0</subfield>
    <subfield code="o">09.-82-3 &#x421;38</subfield>
    <subfield code="p">2133138</subfield>
    <subfield code="r">2019-09-14 00:00:00</subfield>
    <subfield code="w">2012-05-08</subfield>
    <subfield code="y">BK</subfield>
  </datafield>
</record>
